00257nam a22000977a 4500008004100000082001500041100001000056245003400066260005100100300000800151230620b xxu||||| |||| 00| 0 eng d a324.6bECI cIndia aThe Electoral System in India aNew DelhibElectoral Commission of Indiac2004 a17p